<?xml version="1.0" encoding="UTF-8"?>
<record
    xmlns:xsi="http://www.w3.org/2001/XMLSchema-instance"
    xsi:schemaLocation="http://www.loc.gov/MARC21/slim http://www.loc.gov/standards/marcxml/schema/MARC21slim.xsd"
    xmlns="http://www.loc.gov/MARC21/slim">

  <leader>00635nam a22002297a 4500</leader>
  <controlfield tag="003">UA-OsUOA</controlfield>
  <controlfield tag="001"> 24116 </controlfield>
  <controlfield tag="007">ta</controlfield>
  <controlfield tag="008">20040209b un ||||| |||| 00| 0 ukr d</controlfield>
  <datafield tag="090" ind1=" " ind2=" ">
    <subfield code="a">323(477)</subfield>
    <subfield code="b">&#x423;45</subfield>
  </datafield>
  <datafield tag="942" ind1=" " ind2=" ">
    <subfield code="c">BK</subfield>
  </datafield>
  <datafield tag="040" ind1=" " ind2=" ">
    <subfield code="a">UA-OsUOA</subfield>
    <subfield code="b">ukr</subfield>
    <subfield code="c">UA-OsUOA</subfield>
    <subfield code="d">UA-OsUOA</subfield>
  </datafield>
  <datafield tag="245" ind1=" " ind2=" ">
    <subfield code="a">&#x423;&#x43A;&#x440;&#x430;&#x457;&#x43D;&#x430; &#x43D;&#x435;&#x437;&#x430;&#x43B;&#x435;&#x436;&#x43D;&#x430;: &#x447;&#x430;&#x441; &#x432;&#x438;&#x43F;&#x440;&#x43E;&#x431;&#x443;&#x432;&#x430;&#x43D;&#x44C;, &#x441;&#x43F;&#x43E;&#x434;&#x456;&#x432;&#x430;&#x43D;&#x44C;</subfield>
    <subfield code="c">&#x420;&#x435;&#x434;. &#x41F;.&#x41F;.&#x41F;&#x430;&#x43D;&#x447;&#x435;&#x43D;&#x43A;&#x43E; &#x41D;.&#x41F;.&#x411;&#x430;&#x440;&#x430;&#x43D;&#x43E;&#x432;&#x441;&#x44C;&#x43A;&#x430; &#x410;.&#x410;.&#x41A;&#x43E;&#x43D;&#x434;&#x440;&#x430;&#x446;&#x44C;&#x43A;&#x438;&#x439;</subfield>
  </datafield>
  <datafield tag="300" ind1=" " ind2=" ">
    <subfield code="a">258 &#x441;.</subfield>
  </datafield>
  <datafield tag="955" ind1=" " ind2=" ">
    <subfield code="a">0</subfield>
  </datafield>
  <datafield tag="041" ind1=" " ind2=" ">
    <subfield code="a">ukr</subfield>
  </datafield>
  <datafield tag="080" ind1=" " ind2=" ">
    <subfield code="a">323(477)</subfield>
  </datafield>
  <datafield tag="260" ind1=" " ind2=" ">
    <subfield code="a">&#x41A;&#x438;&#x457;&#x432;</subfield>
    <subfield code="c">1993</subfield>
  </datafield>
  <datafield tag="044" ind1=" " ind2=" ">
    <subfield code="a">UA</subfield>
  </datafield>
  <datafield tag="650" ind1=" " ind2="7">
    <subfield code="2">UDC</subfield>
  </datafield>
  <datafield tag="999" ind1=" " ind2=" ">
    <subfield code="c">310381</subfield>
    <subfield code="d">310381</subfield>
  </datafield>
  <datafield tag="952" ind1=" " ind2=" ">
    <subfield code="0">0</subfield>
    <subfield code="1">0</subfield>
    <subfield code="2">udc</subfield>
    <subfield code="4">0</subfield>
    <subfield code="7">0</subfield>
    <subfield code="a">102</subfield>
    <subfield code="b">102</subfield>
    <subfield code="d">2004-02-09</subfield>
    <subfield code="g">10.40</subfield>
    <subfield code="i">64719</subfield>
    <subfield code="l">0</subfield>
    <subfield code="o">323(477) &#x423;45</subfield>
    <subfield code="p">64719</subfield>
    <subfield code="r">2022-02-07 00:00:00</subfield>
    <subfield code="w">2004-02-09</subfield>
    <subfield code="y">BK</subfield>
  </datafield>
</record>
